00334nam a22001097a 4500008004100000020001800041082001700059245005600076260007500132300001100207440000600218230606b xxu||||| |||| 00| 0 eng d a9789966021014 a341.249bRLP aKonrad Adenauer StiftungbAfrican Law Study Library aNairobi,KenyabRule of Law Program for Sub-Saharan AfricacAugust,2010 aI,101p v5